000 00479nam a22001817a 4500
999 _c3960
_d3960
003 GBCCL
005 20241126110507.0
008 171219b xxu||||| |||| 00| 0 eng d
020 _a0851104010
040 _cgbc
082 _a248.32
_bWHI
100 _aWhite, John
_97388
245 _aPeople in Prayer:
_bPortraits from the Bible /
_cJohn White
260 _bInter-Varsity Press,
_aLeicester:
_c1992
300 _a160 p.;
_c16 cm.
650 _aPrayer
_9332
942 _2ddc
_cBK
_01